Southeast Asia : a concise history /

Zapisane w:
Opis bibliograficzny
1. autor: Heidhues, Mary F. Somers.
Format: Książka
Język:English
Wydane: London : Thames & Hudson, 2000.
Hasła przedmiotowe:
Etykiety: Dodaj etykietę
Nie ma etykietki, Dołącz pierwszą etykiete!
Thư viện lưu trữ: Mạng thư viện Đại học Đà Nẵng
LEADER 00863cam a2200325 i 4500
001 000046007
003 5228
005 20030214121116.0
008 010220|2000 vm 000 eng
020 |a 0500251177 
040 |a IRC  |c IRC  |d IRC 
041 0 |a eng 
082 1 4 |a 959  |b HE-M 
100 1 |a Heidhues, Mary F. Somers. 
245 0 0 |a Southeast Asia :  |b a concise history /  |c Mary F. Somers Heidhues. 
260 |a London :  |b Thames & Hudson,  |c 2000. 
300 |a 192p. :  |b ill., maps, ports. 
630 0 4 |a Southeast Asia. 
650 0 4 |a Asia, Southeastern  |b History. 
650 0 4 |a Asia, Southeastern  |b Civilization. 
OWN |a DUT 
999 |a From the UDN01 
TYP |a Monograph 
TYP |a Printed language 
980 |a Mạng thư viện Đại học Đà Nẵng